000 00517nam a2200181Ia 4500
005 20250317123212.0
008 008 250317s9999 xx 000 0 eng d
037 _aTextbook
040 _aFMSL
_beng
_cFMSL
041 _aeng
_2eng
084 _aX:8F L4
_qFMSL
100 _aMyers S E
_9735711
245 0 _aRPG: with business and accounting applications
260 _aNew Delhi
_bNew Delhi, Prentice-Hall
_c1974
300 _a462p
942 _cTB
_hX:8F L4
999 _c1250296
_d1250296